000 01764nam a2200529 i 4500
001 36937
003 KOSZ 005
005 20220520092502.0
008 020625s2002 pl a |000 0 pol
015 _aUWD 2002/10681
020 _a8386117478
035 _a991018464609705066
035 _a(PL-WaBN)b15004752-48omnis_nlop
035 _ab15004752
035 _a(OCoLC)831027170
035 _a(PL)b0000001500475
035 _a(EXLNZ-48OMNIS_NETWORK)9910203045905606
040 _aWA N
_cWA N
_dWA N
_dKOSZ 005/HR
046 _k2002
080 _a159.922.7
080 _a316.77
080 _a7.097
080 _a793.7
080 _a004.4
100 1 _aBraun-Gałkowska, Maria
_d(1939- )
_eAutor
245 1 0 _aZabawa w zabijanie :
_boddziaływanie przemocy prezentowanej w mediach na psychikę dzieci /
_cMaria Braun-Gałkowska, Iwona Ulfik.
260 _aWarszawa :
_bWydaw. Krupski i S-ka,
_c[2002].
300 _a182 s. :
_bil. ;
_c24 cm.
336 _aTekst
_btxt
_2rdacontent
337 _aBez urządzenia pośredniczącego
_bn
_2rdamedia
338 _aWolumin
_bnc
_2rdacarrier
380 _aKsiążki
388 _a2001-
504 _aBibliogr.
650 7 _aGry komputerowe
_2DBN
650 7 _aPrzemoc wobec dzieci
_2DBN
650 7 _aPsychologia dziecka
650 7 _aProgram telewizyjny
_2DBN
658 _aMedia i komunikacja społeczna
658 _aSocjologia i społeczeństwo
658 _aInformatyka i technologie informacyjne
658 _aSocjologia i społeczeństwo
700 1 _aUlfik-Jaworska, Iwona
_eAutor
856 _uhttp://koha.tu.koszalin.pl/cgi-bin/koha/opac-detail.pl?biblionumber=36937
_yKatalog online BPK
942 _2UKD
_cKS
999 _c36937
_d36937